Correspondencia de Augustina de Jesus María sobre quitar las amistades entre las diferentes religiones.

Detalles Bibliográficos
Otros Autores: Augustina de Jesús María
Formato: Libro
Publicado: s.l., 1682
Materias:
Colección:Banco de datos
Acervo:Biblioteca Palafoxiana. Colección de Manuscritos
Descripción Física:2 f. ; 20 x 30 cm.
Tema general:Civil
LEADER 00445nam a22001450004500
035 |a 1818 
245 1 0 |a Correspondencia de Augustina de Jesus María sobre quitar las amistades entre las diferentes religiones. 
260 |a s.l., 1682 
300 |a 2 f. ; 20 x 30 cm. 
650 1 0 |a Civil 
700 1 |a Augustina de Jesús María 
949 |a 32390/015 
942 |c PALAMANU 
943 |g Biblioteca Palafoxiana. Colección de Manuscritos 
999 |c 1069763  |d 1069763